[Event "European Blitz 2017"]
[Site "Katowice POL"]
[Date "2017.12.15"]
[Round "9.63"]
[White "Sieciechowicz, Marcin"]
[Black "Cieslar, Michal"]
[Result "1/2-1/2"]
[WhiteTitle "IM"]
[WhiteElo "2387"]
[BlackElo "2032"]
[WhiteFideId "1130170"]
[BlackFideId "1141066"]
[EventDate "2017.12.15"]
[EventType "blitz"]

1. d4 d6 2. e4 g6 3. Nf3 Bg7 4. h3 Nd7 5. Nc3 e5 6. dxe5 Nxe5 7. Nxe5 Bxe5 8.
Be3 Be6 9. Qd2 Ne7 10. g4 Nc6 11. f4 Bg7 12. f5 Bd7 13. O-O-O Ne5 14. Be2 h6 15.
Rdf1 Bc6 16. h4 gxf5 17. gxf5 Qd7 18. f6 Bf8 19. Rf5 O-O-O 20. Rd1 Qe6 21. Bf4
Ng6 22. Bg4 Kb8 23. Bg3 h5 24. Bxh5 Bh6 25. Rg5 Bxg5 26. Qxg5 Rdg8 27. Bg4 Qc4
28. Be2 Qb4 29. a3 Qb6 30. Qd2 Ne5 31. Bxe5 dxe5 32. Bc4 Qd4 33. Qxd4 exd4 34.
Rxd4 Rxh4 35. Bxf7 Rf8 36. Bd5 Bxd5 37. Rxd5 c6 38. Rf5 Kc7 39. e5 Kd7 40. Kd2
Ke6 41. Rg5 Rh2+ 42. Kd3 Rh3+ 43. Kc4 Rh4+ 44. Kb3 Rd8 45. Na4 b6 46. Nc3 Rh2
47. Rg7 Rd7 48. Rg5 Rh3 49. Ka2 Re3 50. Rg8 Rxe5 51. Re8+ Kxf6 52. Ne4+ Kf5 53.
Ng3+ Kf4 54. Ne2+ Ke4 55. Nc3+ Kd4 56. Ne2+ Kd5 57. Nc3+ Kd6 58. Ne4+ Rxe4 59.
Rxe4 Kc7 60. Kb3 b5 61. Kb4 Kb6 62. Kb3 Rh7 63. Re3 a5 64. c3 a4+ 65. Ka2 Rh2
66. Re5 c5 67. Re6+ Ka5 68. Rc6 c4 69. Rd6 Rg2 70. Kb1 Rh2 71. Kc1 Rg2 72. Kb1 1/2-1/2

[Event "European Blitz 2017"]
[Site "Katowice POL"]
[Date "2017.12.15"]
[Round "9.64"]
[White "Stachanczyk, Jacek"]
[Black "Saraci, Nderim"]
[Result "0-1"]
[WhiteTitle "IM"]
[BlackTitle "FM"]
[WhiteElo "2209"]
[BlackElo "2398"]
[WhiteFideId "1116657"]
[BlackFideId "6351921"]
[EventDate "2017.12.15"]
[EventType "blitz"]

1. e4 c5 2. Nf3 Nc6 3. d4 cxd4 4. Nxd4 g6 5. Nc3 Bg7 6. Be3 Nf6 7. Bc4 Qa5 8.
O-O O-O 9. Nb3 Qc7 10. Bg5 Qd8 11. Qd2 d6 12. Rad1 Be6 13. Bxe6 fxe6 14. Bh6 Rc8
15. Bxg7 Kxg7 16. Rfe1 e5 17. Nd5 Nxd5 18. exd5 Nb8 19. Re3 Nd7 20. Rh3 Nf6 21.
Rh4 Rf7 22. c4 b6 23. Nc1 Qd7 24. b3 Qf5 25. f3 g5 26. Rh3 h6 27. Re1 b5 28.
cxb5 Rc5 29. a4 Rxd5 30. Qe2 Rc5 31. Qd3 Nd5 32. Qxf5 Rxf5 33. Nd3 Rc3 34. f4
exf4 35. Rd1 Ne3 36. Rd2 Rd5 0-1

[Event "European Blitz 2017"]
[Site "Katowice POL"]
[Date "2017.12.15"]
[Round "9.65"]
[White "Montilla Carrillo, Esteban"]
[Black "Reichmann, Hendrik"]
[Result "1-0"]
[WhiteTitle "FM"]
[BlackTitle "FM"]
[WhiteElo "2233"]
[BlackElo "2337"]
[WhiteFideId "2208261"]
[BlackFideId "4647823"]
[EventDate "2017.12.15"]
[EventType "blitz"]

1. Nf3 c5 2. c4 g6 3. Nc3 Bg7 4. g3 Nc6 5. Bg2 d6 6. O-O e5 7. e3 Nge7 8. d4 Bg4
9. dxe5 dxe5 10. h3 Be6 11. Qe2 Qb6 12. Ng5 Bf5 13. g4 Bd7 14. Rd1 Rd8 15. Nd5
Nxd5 16. cxd5 Ne7 17. b3 h6 18. Ne4 f5 19. Ng3 O-O 20. Bb2 Qd6 21. gxf5 gxf5 22.
Nh5 Be8 23. Nxg7 Kxg7 24. f4 Ng6 25. fxe5 Nxe5 26. Qf2 Kh7 27. Qc2 Bg6 28. Qc3
Rde8 29. Kh1 b6 30. Rf1 Rf7 31. Rf4 Nd7 32. Raf1 Qe5 33. e4 Qxc3 34. Bxc3 Ref8
35. e5 Nb8 36. e6 Re7 37. Re1 Rd8 38. Bf6 Rde8 39. Bxe7 Rxe7 40. d6 1-0

[Event "European Blitz 2017"]
[Site "Katowice POL"]
[Date "2017.12.15"]
[Round "9.66"]
[White "Lubczynski, Rafal"]
[Black "Pavlidou, Ekaterini"]
[Result "1/2-1/2"]
[WhiteTitle "IM"]
[BlackTitle "WIM"]
[WhiteElo "2429"]
[BlackElo "2196"]
[WhiteFideId "1126091"]
[BlackFideId "4213262"]
[EventDate "2017.12.15"]
[EventType "blitz"]

1. Nf3 Nf6 2. c4 e6 3. g3 c5 4. Bg2 Nc6 5. O-O b6 6. d4 cxd4 7. Nxd4 Bb7 8. Bf4
a6 9. Nc3 Bc5 10. Nxc6 Bxc6 11. Bxc6 dxc6 12. Qxd8+ Rxd8 13. Na4 Bd4 14. e3 b5
15. exd4 bxa4 16. Rfd1 Rd7 17. Rd3 O-O 18. Rad1 Rfd8 19. Bg5 h6 20. Bxf6 gxf6
21. Kf1 c5 22. d5 exd5 23. cxd5 c4 24. Rd4 Rc8 25. Rc1 a3 26. b3 c3 27. Ke2 Rc5
28. Kd3 Rdxd5 29. Rxc3 Rxc3+ 30. Kxc3 Re5 31. Rd2 a5 32. Kc4 Kg7 33. f4 Re1 34.
Kb5 Rb1 35. Kc4 Rb2 36. Kc3 Rb1 37. Kc2 Ra1 38. Kd3 Rb1 39. Rc2 Kg6 40. Kc4 Rb2
41. Kc3 Rb1 1/2-1/2

[Event "European Blitz 2017"]
[Site "Katowice POL"]
[Date "2017.12.15"]
[Round "9.67"]
[White "Stanisz, Patryk"]
[Black "Bartel, Michal"]
[Result "0-1"]
[BlackTitle "FM"]
[WhiteElo "2150"]
[BlackElo "2360"]
[WhiteFideId "1123106"]
[BlackFideId "1119257"]
[EventDate "2017.12.15"]
[EventType "blitz"]

1. d4 Nf6 2. c4 c5 3. Nf3 e6 4. e3 Qc7 5. Nc3 a6 6. Bd3 Be7 7. O-O d6 8. Qe2 b6
9. b3 Bb7 10. Bb2 Nbd7 11. Rad1 Rc8 12. Bb1 O-O 13. Qc2 Qb8 14. d5 e5 15. Nd2 b5
16. f4 g6 17. f5 Ng4 18. Rde1 bxc4 19. bxc4 Bh4 20. g3 Bg5 21. Nd1 Qc7 22. h3
Ngf6 23. h4 Bh6 24. Nf2 Qd8 25. g4 Nxd5 26. cxd5 Qxh4 27. Kg2 Bxd5+ 28. e4 Bf4
29. Rh1 Qg3+ 30. Kf1 Bc6 31. Rh3 Bb5+ 32. Nc4 Nb6 33. Rxg3 Bxg3 34. Kg2 Bxf2 35.
Qxf2 Bxc4 36. f6 Nd7 37. g5 h5 38. gxh6 Kh7 39. Bc1 Rb8 40. Bc2 Rfe8 41. Rd1 Re6
42. Bg5 Nb6 43. Bb3 Bxb3 44. axb3 Nd7 45. Qa2 Rb6 46. Qa4 Rb7 47. Qc6 Ra7 48.
Qc8 Nxf6 49. Qf8 Nh5 50. Rh1 f5 51. Bf6 Rxf6 52. Rxh5 Rxf8 53. Rh1 fxe4 54. Re1
Raf7 55. Rxe4 Rf2+ 56. Kg3 R8f3+ 57. Kg4 Rf4+ 58. Rxf4 Rxf4+ 59. Kg3 Kxh6 60. b4
cxb4 61. Kg2 b3 62. Kg3 b2 63. Kh3 b1=Q 64. Kg3 Qd3+ 65. Kh2 Rf2+ 66. Kg1 Qf1# 0-1

[Event "European Blitz 2017"]
[Site "Katowice POL"]
[Date "2017.12.15"]
[Round "9.68"]
[White "Balazs, Ladislav"]
[Black "Boe, Mads"]
[Result "1/2-1/2"]
[BlackTitle "FM"]
[WhiteElo "2110"]
[BlackElo "2292"]
[WhiteFideId "14931265"]
[BlackFideId "1401408"]
[EventDate "2017.12.15"]
[EventType "blitz"]

1. e4 c6 2. d4 d5 3. exd5 cxd5 4. c4 Nf6 5. Nc3 e6 6. Nf3 Be7 7. cxd5 Nxd5 8.
Bd3 Nc6 9. O-O O-O 10. Re1 Bf6 11. Be4 Nce7 12. Bg5 h6 13. Bxf6 Nxf6 14. Bc2 b6
15. Qd3 Bb7 16. Ne5 Ned5 17. Ne4 Re8 18. a3 Rc8 19. Rac1 Rc7 20. Nxf6+ Nxf6 21.
Ba4 Ree7 22. Bc6 Qd6 23. Bxb7 Rxb7 24. Rc8+ Re8 25. Rxe8+ Nxe8 26. b4 Rc7 27. g3
Nf6 28. h4 Nd5 29. Qd2 Rc3 30. Rc1 Qc7 31. Rxc3 Nxc3 32. Qc2 a5 33. Kf1 axb4 34.
axb4 f6 35. Nf3 Qc4+ 36. Kg2 Qxb4 37. Qg6 Qe7 38. Qd3 Nd5 39. h5 Qb7 40. Qb5 Kf7
41. Kh2 Ne7 42. Nh4 Qd5 43. Qxb6 Qxh5 44. Kg1 Qd5 45. Ng2 g5 46. Ne3 Qd7 47. Ng4
h5 48. Ne3 Nd5 49. Nxd5 Qxd5 50. Qa7+ Kg6 51. Qb6 e5 52. dxe5 Qxe5 53. Qb1+ Qf5
54. Qb7 h4 55. gxh4 gxh4 56. Qb8 Qg4+ 57. Kh2 Qg5 58. Qg8+ Kf5 59. Qc8+ Kg6 60.
Qg8+ Kh5 61. Qh7+ Kg4 62. Qd7+ Qf5 63. Qg7+ Kf4 64. Qc7+ Qe5 65. Qc2 Kf3+ 66.
Kh3 Qe6+ 67. Kh2 Qd6+ 68. Kh3 Qd7+ 69. Kh2 Qd6+ 70. Kh3 Qe6+ 71. Kh2 Qe4 72.
Qc3+ Kxf2 73. Qxf6+ 1/2-1/2

[Event "European Blitz 2017"]
[Site "Katowice POL"]
[Date "2017.12.15"]
[Round "9.69"]
[White "Strejczek, Dariusz"]
[Black "Heinzel, Olaf"]
[Result "0-1"]
[BlackTitle "IM"]
[WhiteElo "2149"]
[BlackElo "2360"]
[WhiteFideId "1122142"]
[BlackFideId "4626664"]
[EventDate "2017.12.15"]
[EventType "swiss"]

1. d4 Nf6 2. c4 e5 3. d5 Bc5 4. e3 d6 5. Nc3 a6 6. Bd3 O-O 7. Bc2 Nbd7 8. Nge2
Re8 9. Ng3 Nf8 10. b3 b5 11. Qe2 Bb7 12. O-O Qd7 13. a4 bxc4 14. bxc4 a5 15. Rb1
c6 16. e4 Ng6 17. Be3 Bb4 18. Na2 c5 19. h3 Ba6 20. Bb3 Nf4 21. Qf3 g5 22. Nf5
Kh8 23. Kh2 Bc8 24. g3 Ng6 25. Bxg5 Nxe4 26. Qxe4 Qxf5 27. Qxf5 Bxf5 28. Bf6+
Kg8 29. Rbd1 Nf8 30. g4 Bg6 31. h4 0-1

[Event "European Blitz 2017"]
[Site "Katowice POL"]
[Date "2017.12.15"]
[Round "9.70"]
[White "Vykouk, Jan"]
[Black "Caprino, Marco"]
[Result "1-0"]
[WhiteTitle "FM"]
[WhiteElo "2435"]
[BlackElo "2154"]
[WhiteFideId "349658"]
[BlackFideId "841323"]
[EventDate "2017.12.15"]
[EventType "blitz"]

1. e4 c5 2. Nf3 g6 3. d4 cxd4 4. Nxd4 Bg7 5. Nc3 Nc6 6. Be3 Nf6 7. Bc4 Qa5 8.
O-O O-O 9. Bb3 d6 10. h3 Bd7 11. Re1 Rfe8 12. Nf3 Qh5 13. Nd5 Nxd5 14. exd5 Ne5
15. Nxe5 Bxe5 16. Qxh5 gxh5 17. c3 Bf5 18. Rad1 b6 19. f4 Bf6 20. Kf2 h4 21. Rd2
Rec8 22. Bc2 Bxc2 23. Rxc2 b5 24. Kf3 a5 25. Bf2 h5 26. Re4 Rc7 27. f5 Rc4 28.
Rce2 Rac8 29. Rxc4 Rxc4 30. Re4 Kg7 31. Rxc4 bxc4 32. a4 Bg5 33. Bb6 Kf6 34. Ke4
e6 35. fxe6 Bc1 36. Bd8+ 1-0

[Event "European Blitz 2017"]
[Site "Katowice POL"]
[Date "2017.12.15"]
[Round "9.71"]
[White "Kumala, Aleksander"]
[Black "Hansen, Mads Smith"]
[Result "0-1"]
[WhiteElo "2220"]
[BlackElo "2347"]
[WhiteFideId "1141880"]
[BlackFideId "1400258"]
[EventDate "2017.12.15"]
[EventType "blitz"]

1. e4 c6 2. d4 d5 3. exd5 cxd5 4. Bd3 Nc6 5. c3 Nf6 6. h3 e5 7. dxe5 Nxe5 8. Qe2
Qe7 9. Bb5+ Bd7 10. Bxd7+ Nfxd7 11. Be3 Nc4 12. Nf3 Nxe3 13. Qxe3 Qxe3+ 14. fxe3
Bc5 15. Nd4 O-O 16. Nd2 Rfe8 17. Kf2 Ne5 18. N2b3 Bxd4 19. Nxd4 Nd3+ 20. Kf3
Nxb2 21. Rab1 Nc4 22. Rxb7 Rxe3+ 23. Kf4 Re4+ 24. Kg3 Re3+ 25. Kf4 Rae8 26. Rxa7
Rxc3 27. Nf5 g6 28. Ne7+ Kg7 29. Nxd5 Rd3 30. Nb4 Rd4+ 31. Kg3 Rd2 32. a4 Ree2
33. Rg1 Ne5 34. Kh2 Nf3+ 35. Kh1 Nxg1 36. Kxg1 Rxg2+ 37. Kf1 Rb2 38. Nd3 Ra2 39.
a5 Rgd2 40. Ne1 Rf2+ 41. Kg1 Rfe2 42. Kf1 Rf2+ 43. Kg1 Rfb2 44. a6 Ra1 45. Kf1
Rbb1 46. h4 Rxe1+ 47. Kf2 Rec1 48. h5 gxh5 49. Kg3 Rc6 50. Kh4 Ra4+ 51. Kg3
Rcxa6 52. Re7 Rb6 53. Kf3 Rb3+ 54. Kf2 Ra2+ 0-1

[Event "European Blitz 2017"]
[Site "Katowice POL"]
[Date "2017.12.15"]
[Round "9.72"]
[White "Ustianovich, Nazar"]
[Black "Roenko, Artur"]
[Result "1-0"]
[WhiteTitle "FM"]
[WhiteElo "2366"]
[BlackElo "2167"]
[WhiteFideId "14109778"]
[BlackFideId "14136732"]
[EventDate "2017.12.15"]
[EventType "blitz"]

1. d4 d5 2. Nf3 e6 3. c4 c6 4. Nbd2 Nf6 5. e3 Bd6 6. Bd3 O-O 7. O-O Nbd7 8. e4
dxe4 9. Nxe4 Nxe4 10. Bxe4 Nf6 11. Bc2 c5 12. Bg5 cxd4 13. Qd3 g6 14. Qxd4 Be7
15. Qh4 Re8 16. Rad1 Bd7 17. Ba4 h6 18. Qxh6 Ng4 19. Qh4 Nf6 20. Ne5 Nh7 21.
Bxe7 Rxe7 22. Qd4 Nf6 23. Rd2 Qc7 24. Nxd7 Nxd7 25. Bxd7 Rd8 26. Qxa7 Rexd7 27.
Rxd7 Rxd7 28. Qa4 Rd2 29. Qb4 Rd4 30. b3 b6 31. g3 Qc6 32. Qc3 Qd6 33. Qe3 Kg7
34. Re1 Kg8 35. Qe5 Qd7 36. Qb5 Qd6 37. Qe5 Qd7 38. h4 Rd2 39. a4 Rc2 40. Qb8+
Kh7 41. Qxb6 Qd2 42. Qe3 Qd6 43. Rc1 Rd2 44. c5 Qd5 45. c6 Rd1+ 46. Rxd1 Qxd1+
47. Kg2 Qd5+ 48. Qf3 Qc5 49. Qxf7+ 1-0

[Event "European Blitz 2017"]
[Site "Katowice POL"]
[Date "2017.12.15"]
[Round "9.73"]
[White "Nasibullin, Iskander"]
[Black "Stojcevski, Zoran"]
[Result "0-1"]
[BlackTitle "FM"]
[WhiteElo "2088"]
[BlackElo "2337"]
[WhiteFideId "34124273"]
[BlackFideId "15000192"]
[EventDate "2017.12.15"]
[EventType "blitz"]

1. e4 e5 2. Nf3 Nc6 3. Bb5 Bc5 4. c3 f5 5. d4 fxe4 6. Bxc6 dxc6 7. Nxe5 Bd6 8.
Nd2 Bf5 9. Ndc4 Nf6 10. O-O Qe7 11. Qb3 Bxe5 12. Nxe5 O-O-O 13. Qa4 a6 14. Be3
Ng4 15. Nxg4 Bxg4 16. b4 Be2 17. Rfe1 Bc4 18. Qd1 Qh4 19. g3 Qh3 20. Bg5 Rd5 21.
Qd2 h6 22. Bf4 Rf8 23. Rxe4 Rh5 24. f3 Bd5 25. Re5 Rxe5 26. dxe5 g5 27. e6 gxf4
28. e7 Re8 29. Re1 fxg3 30. hxg3 Qxg3+ 31. Kf1 Qxf3+ 32. Qf2 Qxf2+ 0-1

[Event "European Blitz 2017"]
[Site "Katowice POL"]
[Date "2017.12.15"]
[Round "9.74"]
[White "Karlik, Ondrej"]
[Black "Schulz, Karsten"]
[Result "0-1"]
[BlackTitle "FM"]
[WhiteElo "2171"]
[BlackElo "2293"]
[WhiteFideId "339296"]
[BlackFideId "4611446"]
[EventDate "2017.12.15"]
[EventType "blitz"]

1. e4 d6 2. d4 Nf6 3. Nc3 e5 4. Nf3 exd4 5. Nxd4 Be7 6. f3 O-O 7. Be3 d5 8. exd5
Nxd5 9. Nxd5 Qxd5 10. Be2 Nc6 11. Nxc6 Qxc6 12. O-O Bf5 13. c3 a6 14. Qb3 Be6
15. Qc2 Rfe8 16. Bf2 Bd6 17. Bd3 h6 18. Be4 Bd5 19. Bxd5 Qxd5 20. a3 Qc4 21.
Rfe1 Qb5 22. Rxe8+ Rxe8 23. Re1 Bc5 24. Rxe8+ Qxe8 25. Qd2 Bd6 26. g3 Qc6 27.
Kg2 Bf8 28. h3 g6 29. b4 Qc4 30. Bd4 c5 31. Be5 Qe6 32. Bf4 cxb4 33. cxb4 Qb3
34. Qc1 h5 35. Bd2 Qd3 36. Kf2 Bg7 37. Be3 Qf5 38. Kg2 Qd5 39. a4 Qa2+ 40. Qd2
Qxa4 41. Bc5 Qc6 42. Qd8+ Kh7 43. Qe7 Qd5 44. Qe2 Bh6 45. h4 Qd2 46. Kf2 Qxe2+
47. Kxe2 f6 48. Kd3 Kg7 49. Ke4 Kf7 50. g4 Ke6 51. Bf2 Bd2 52. Bc5 b6 53. Bxb6
Bxb4 54. gxh5 gxh5 55. Kd4 a5 56. Ke4 Bc3 57. Bc5 a4 58. Ba3 Be5 59. f4 Bd6 60.
f5+ Ke7 61. Bb2 a3 0-1

[Event "European Blitz 2017"]
[Site "Katowice POL"]
[Date "2017.12.15"]
[Round "9.75"]
[White "Szmyd, Arkadiusz"]
[Black "Sakalauskas, Vaidas"]
[Result "1/2-1/2"]
[BlackTitle "IM"]
[WhiteElo "2101"]
[BlackElo "2351"]
[WhiteFideId "1124730"]
[BlackFideId "12800457"]
[EventDate "2017.12.15"]
[EventType "blitz"]

1. e4 c5 2. Nf3 g6 3. c3 Bg7 4. d4 cxd4 5. cxd4 d5 6. e5 Nc6 7. Nc3 f6 8. exf6
exf6 9. Be2 Nge7 10. O-O O-O 11. h3 Kh8 12. b3 f5 13. Bb2 f4 14. Rc1 Nf5 15. Na4
Qd6 16. Nc5 b6 17. Na4 Be6 18. Bb5 Rac8 19. Qd2 Nfe7 20. Rfe1 Bf5 21. Ne5 f3 22.
g4 Be4 23. Nxc6 Nxc6 24. Bxc6 Rxc6 25. Rxc6 Qxc6 26. Nc3 Re8 27. Nxe4 dxe4 28.
d5 Qd7 29. Bxg7+ Qxg7 30. d6 Qe5 31. d7 Rd8 32. Qe3 Rxd7 33. Qxe4 Qxe4 34. Rxe4
Rd1+ 35. Kh2 Rd2 36. Re8+ Kg7 37. Re7+ Kf6 38. Rxa7 Rxf2+ 39. Kg3 Rc2 40. Kxf3
h5 41. gxh5 gxh5 42. Rb7 Rc6 43. Kg3 Kg5 44. Rg7+ Kh6 45. Rb7 Kg5 46. Rg7+ 1/2-1/2

[Event "European Blitz 2017"]
[Site "Katowice POL"]
[Date "2017.12.15"]
[Round "9.76"]
[White "Sadzikowski, Daniel"]
[Black "Dziodzio, Angelika"]
[Result "1-0"]
[WhiteTitle "GM"]
[BlackTitle "WFM"]
[WhiteElo "2584"]
[BlackElo "2125"]
[WhiteFideId "1132253"]
[BlackFideId "1170643"]
[EventDate "2017.12.15"]
[EventType "blitz"]

1. Nf3 c5 2. c4 Nc6 3. d4 cxd4 4. Nxd4 d6 5. Nc3 Nf6 6. e4 g6 7. f3 Bg7 8. Be3
O-O 9. Qd2 Nxd4 10. Bxd4 Be6 11. Be2 a6 12. O-O Rc8 13. b3 Nd7 14. Bxg7 Kxg7 15.
f4 f5 16. exf5 Bxf5 17. Kh1 Nf6 18. Bd3 Qd7 19. Rae1 Rce8 20. Ne2 e5 21. Bxf5
gxf5 22. fxe5 dxe5 23. Qg5+ Kh8 24. Qxf5 Qxf5 25. Rxf5 Ne4 26. Rxf8+ Rxf8 27.
Kg1 Nc5 28. Ng3 Nd3 29. Re3 Rd8 30. Nh5 Rd6 31. h3 Kg8 32. Rg3+ Rg6 33. Nf6+ 1-0

[Event "European Blitz 2017"]
[Site "Katowice POL"]
[Date "2017.12.15"]
[Round "9.78"]
[White "Kyc, Jerzy"]
[Black "Gayson, Peter M"]
[Result "1-0"]
[WhiteElo "2265"]
[BlackElo "2145"]
[WhiteFideId "1163922"]
[BlackFideId "401838"]
[EventDate "2017.12.15"]
[EventType "blitz"]

1. e4 c5 2. Nf3 e6 3. d4 cxd4 4. Nxd4 Nf6 5. Bd3 Nc6 6. Nxc6 bxc6 7. O-O d5 8.
Nd2 Be7 9. c3 O-O 10. e5 Nd7 11. f4 f5 12. exf6 Nxf6 13. Nf3 Qb6+ 14. Kh1 Bd6
15. Qe1 Qc7 16. Ne5 c5 17. Bd2 Bb7 18. Qh4 Rad8 19. Ng4 Ne4 20. Be3 Kh8 21. Nf2
g6 22. Rae1 Bxf4 23. Nxe4 dxe4 24. Bxf4 e5 25. Bh6 Rxf1+ 26. Rxf1 Qd6 27. Bxe4
Bxe4 28. Qxe4 1-0

[Event "European Blitz 2017"]
[Site "Katowice POL"]
[Date "2017.12.15"]
[Round "9.79"]
[White "Krasenkova, Ilena"]
[Black "Batsiashvili, Nino"]
[Result "0-1"]
[WhiteTitle "WIM"]
[BlackTitle "IM"]
[WhiteElo "2123"]
[BlackElo "2502"]
[WhiteFideId "4119037"]
[BlackFideId "13602993"]
[EventDate "2017.12.15"]
[EventType "blitz"]

1. d4 d5 2. Nf3 Nf6 3. c4 e6 4. g3 dxc4 5. Bg2 Bb4+ 6. Nbd2 Nc6 7. e3 Rb8 8. a4
b6 9. O-O Ba6 10. Re1 O-O 11. Ng5 Na5 12. Rb1 c5 13. dxc5 Bxc5 14. Nde4 Nxe4 15.
Nxe4 Bb4 16. Nc3 Qxd1 17. Rxd1 Rfd8 18. Bd2 Nb3 19. Be1 Nc5 20. Nb5 Bxe1 21.
Rxe1 Nd3 22. Red1 Bb7 23. Bxb7 Rxb7 24. Na3 Rc7 25. Kf1 Rd5 26. Ke2 Ne5 27. f4
Nd7 28. Nb5 Rb7 29. e4 Rxd1 30. Rxd1 Kf8 31. Nd6 Rc7 32. Nb5 Rb7 33. Nd6 Rb8 34.
Nxf7 Nc5 35. Ne5 Rb7 36. Kf3 Nxa4 37. Nxc4 Rc7 38. b3 Nc5 39. Rd8+ Ke7 40. Rg8
Kf7 41. Rh8 Nxb3 42. Ne5+ Ke7 43. Rxh7 Kd6 44. h4 a5 45. Nd3 a4 46. h5 a3 47.
e5+ Kc6 48. h6 gxh6 0-1

[Event "European Blitz 2017"]
[Site "Katowice POL"]
[Date "2017.12.15"]
[Round "9.80"]
[White "Krzywda, Andrzej"]
[Black "Chernyak, Viktoria"]
[Result "1-0"]
[BlackTitle "WFM"]
[WhiteElo "2171"]
[BlackElo "2196"]
[WhiteFideId "1114565"]
[BlackFideId "24165956"]
[EventDate "2017.12.15"]
[EventType "blitz"]

1. e4 c5 2. Nf3 g6 3. d4 cxd4 4. Nxd4 Nc6 5. c4 Nf6 6. Nc3 d6 7. Be2 Nxd4 8.
Qxd4 Bg7 9. Be3 O-O 10. Qd2 Be6 11. O-O Qa5 12. Rab1 Rfc8 13. b3 a6 14. Rfc1 b5
15. b4 Qd8 16. cxb5 axb5 17. f3 Ra3 18. Nxb5 Rxa2 19. Qe1 Nd7 20. Nd4 Bxd4 21.
Bxd4 Ne5 22. Bf1 Nc4 23. Bxc4 Bxc4 24. Qh4 f6 25. Qg4 Kf7 26. h4 Be6 27. Qf4 Rb8
28. Qh6 Kg8 29. h5 Bf7 30. hxg6 hxg6 31. b5 e5 32. Bf2 Qa5 33. b6 Ra4 34. b7 Qd8
35. Qh3 Kg7 36. Rc8 Rxb7 37. Rxb7 Ra1+ 38. Kh2 Qa5 39. Rcc7 1-0

[Event "European Blitz 2017"]
[Site "Katowice POL"]
[Date "2017.12.15"]
[Round "9.81"]
[White "Kahleys, Kevin"]
[Black "Adamczewski, Maciej"]
[Result "0-1"]
[WhiteElo "2195"]
[BlackElo "1999"]
[WhiteFideId "24669601"]
[BlackFideId "1148702"]
[EventDate "2017.12.15"]
[EventType "blitz"]

1. d4 Nf6 2. Nf3 g6 3. g3 Bg7 4. Bg2 O-O 5. O-O d6 6. c4 Nc6 7. Nc3 e5 8. h3
exd4 9. Nxd4 Ne5 10. h4 c6 11. b3 Re8 12. Bb2 Qc7 13. Qc2 a5 14. Rad1 c5 15.
Ndb5 Qb8 16. Nxd6 Re6 0-1

[Event "European Blitz 2017"]
[Site "Katowice POL"]
[Date "2017.12.15"]
[Round "9.82"]
[White "Kusiak, Matej"]
[Black "Winiarski, Mikolaj"]
[Result "0-1"]
[BlackTitle "FM"]
[WhiteElo "2280"]
[BlackElo "2249"]
[WhiteFideId "14911213"]
[BlackFideId "1159984"]
[EventDate "2017.12.15"]
[EventType "blitz"]

1. e4 c5 2. Nf3 d6 3. d4 cxd4 4. Nxd4 Nf6 5. Nc3 g6 6. Be3 Bg7 7. Bc4 Nc6 8. f3
O-O 9. Qd2 Nxd4 10. Bxd4 Be6 11. Bb3 a6 12. g4 Rc8 13. h4 Bc4 14. h5 e5 15. Be3
d5 16. Bxc4 Rxc4 17. exd5 e4 18. g5 Nxh5 19. fxe4 Bxc3 20. bxc3 Qc7 21. Bd4 Re8
22. O-O-O Qa5 23. Rxh5 Qa3+ 24. Kb1 gxh5 25. Qe2 Ra4 26. Qxh5 Qxa2+ 27. Kc1 Qa3+
28. Kd2 Rxe4 29. Rf1 Raxd4+ 30. cxd4 Qe3+ 31. Kd1 Rxd4# 0-1

[Event "European Blitz 2017"]
[Site "Katowice POL"]
[Date "2017.12.15"]
[Round "9.83"]
[White "Madrawski, Krzysztof"]
[Black "Przybylski, Wojciech"]
[Result "0-1"]
[BlackTitle "FM"]
[WhiteElo "2052"]
[BlackElo "2320"]
[WhiteFideId "1163973"]
[BlackFideId "1117599"]
[EventDate "2017.12.15"]
[EventType "blitz"]

1. Nf3 d5 2. c4 c6 3. b3 Bg4 4. Ne5 Bf5 5. Bb2 Nd7 6. Nxd7 Qxd7 7. d3 Nf6 8. Nd2
e6 9. g3 Be7 10. Bg2 O-O 11. O-O a5 12. e4 dxe4 13. dxe4 Bg6 14. Qe2 Rfd8 15.
Rad1 Qd3 16. Qe1 Bb4 17. Nf3 Bxe1 18. Rxd3 Bxf2+ 19. Rxf2 Rxd3 20. e5 Ng4 21.
Rf1 Ne3 22. Re1 Nxg2 23. Kxg2 Rad8 24. Ba3 Bh5 25. Ng5 h6 26. Nh3 Rd2+ 27. Kg1
Rd1 28. Kf1 Rxe1+ 29. Kxe1 Rd1+ 30. Kf2 g5 31. Bd6 Rd2+ 32. Ke3 Rxh2 33. Nf2 Rg2
34. Ne4 Kg7 35. a3 Rb2 36. Nd2 Bg6 37. Bc7 Ra2 38. Bxa5 Rxa3 39. Bb4 Ra1 40. Be7
Re1+ 41. Kd4 b6 42. Bd8 Rd1 43. Kc3 Rc1+ 44. Kd4 c5+ 45. Ke3 Rc3+ 46. Ke2 Bc2
47. Bxb6 Bxb3 48. Ba5 Bxc4+ 49. Kd1 Ra3 50. Nxc4 Ra4 51. Bd8 Rxc4 52. Bf6+ Kg6 0-1

[Event "European Blitz 2017"]
[Site "Katowice POL"]
[Date "2017.12.15"]
[Round "9.84"]
[White "Antolak, Julia"]
[Black "Lewtak, Damian"]
[Result "0-1"]
[WhiteTitle "WFM"]
[WhiteElo "2168"]
[BlackElo "2358"]
[WhiteFideId "1159569"]
[BlackFideId "1141724"]
[EventDate "2017.12.15"]
[EventType "blitz"]

1. e4 c5 2. Nf3 Nf6 3. Nc3 Nc6 4. d4 d5 5. dxc5 d4 6. Nb5 e5 7. Bd3 Bxc5 8. O-O
O-O 9. c3 a6 10. cxd4 Nxd4 11. Nbxd4 Bxd4 12. Nxd4 Qxd4 13. Bc2 Be6 14. Qxd4
exd4 15. Rd1 Rac8 16. Bd3 h6 17. Bf4 Rfd8 18. Rac1 Bxa2 19. h3 Bb3 20. Re1 Nd7
21. e5 Nc5 22. Bf5 Ne6 23. Bd2 b6 24. Ra1 a5 25. g4 Ng5 26. Kg2 Bd5+ 27. Kg3 Rc5
28. h4 Nf3 29. Bf4 Nxe1 30. Rxe1 Bb3 31. Bd3 Bc2 32. Bxc2 Rxc2 33. e6 fxe6 34.
Rxe6 d3 0-1

[Event "European Blitz 2017"]
[Site "Katowice POL"]
[Date "2017.12.15"]
[Round "9.85"]
[White "Chrzaszcz, Malvina"]
[Black "Tate, Alan"]
[Result "0-1"]
[BlackTitle "FM"]
[WhiteElo "2048"]
[BlackElo "2358"]
[WhiteFideId "1139118"]
[BlackFideId "2401878"]
[EventDate "2017.12.15"]
[EventType "blitz"]

1. e4 c5 2. Nf3 d6 3. d4 Nf6 4. Nc3 cxd4 5. Nxd4 a6 6. Be2 g6 7. O-O Bg7 8. Bg5
O-O 9. Kh1 Nc6 10. Nb3 b5 11. Bf3 Ne5 12. Nd5 Bb7 13. Nxf6+ exf6 14. Bh4 g5 15.
Bg3 f5 16. exf5 Nxf3 17. gxf3 Bxb2 18. Rb1 Qf6 19. Qxd6 Bxf3+ 20. Kg1 Rfd8 21.
Qxf6 Bxf6 22. Nc5 Rd5 23. Rb3 g4 24. Nd3 Rxf5 25. Nf4 h5 26. Ng2 Rc8 27. Ne3
Rfc5 28. Bd6 R5c6 29. Ba3 Rd8 30. Bb2 Bxb2 31. Rxb2 Rd2 32. Rb3 Rc5 33. h3 Kh7
34. hxg4 hxg4 35. Rd3 Rh5 36. Ng2 Rxc2 37. Re1 Rxa2 38. Re7 Ra1+ 39. Ne1 0-1